The Tortured Poets Department-Taylor Swift (All Lyrics) - Statistics

General Stats
  • This quiz has been taken 24 times
  • The average score is 356 of 413
Answer Stats
Lyrics % Correct
a
100%
apartment
100%
at
100%
At
100%
Department
100%
from
100%
I
100%
left
100%
Like
100%
like
100%
my
100%
Poets
100%
so
100%
So
100%
some
100%
the
100%
to
100%
Tortured
100%
typewriter
100%
We
100%
we
100%
"Who
100%
Who
100%
(Who?)
100%
You
100%
you?
100%
you
100%
you,
100%
you?)
100%
your
100%
artist
94%
be
94%
bigger
94%
Charlie
94%
in
94%
me?
94%
me
94%
Me
94%
never
94%
put
94%
Puth
94%
said
94%
say
94%
should
94%
Straight
94%
then
94%
things
94%
this
94%
This
94%
anyway?"
88%
But
88%
declared
88%
gonna
88%
hold
88%
if
88%
I'm
88%
it
88%
know
88%
No-
88%
on
88%
take
88%
uses
88%
we're
88%
where
88%
who's
88%
(Who's
88%
Who's
88%
(who's
88%
you're
88%
"You're
88%
about
82%
and
82%
And
82%
come
82%
Dylan
82%
Golden
82%
Hotel,
82%
idiots"
82%
idiots
82%
I've
82%
mode
82%
not
82%
of
82%
one
82%
ring
82%
sabotage
82%
self-
82%
Smith
82%
that
82%
think
82%
Thomas,
82%
typewriters
82%
ain't
76%
ate
76%
bars
76%
Chelsea
76%
chocolate
76%
closest
76%
episode
76%
ever
76%
had
76%
leave
76%
Lucy
76%
middle
76%
modern
76%
off
76%
Patti
76%
People
76%
Retriever
76%
rings
76%
road
76%
seen
76%
seven
76%
show
76%
still
76%
tattooed
76%
that's
76%
wedding
76%
with
76%
dinner,
71%
else
71%
exploding
71%
felt
71%
finger
71%
head,
71%
head
71%
heart
71%
is
71%
it's
71%
Jack
71%
kill
71%
loved
71%
smoked,
71%
told
71%
up
71%
yourself
71%
asleep
65%
body
65%
'Cause
65%
decodes
65%
down
65%
fall
65%
fucking-
65%
Nobody
65%
Sometimes
65%
spikes
65%
wonder
65%
you'd
65%
awaken
59%
chose
59%
crazy
59%
dread
59%
face
59%
laughed
59%
meant
59%
nails
59%
Pounding
59%
screw
59%
Throwing
59%
undone
59%
why
59%
cyclone
53%
Everyone
53%
two
53%
understands
53%
read
47%
tell
47%
scratch
41%
troll
29%
No matching quizzes found
Score Distribution
Percent of People with Each Score
Percentile by Number Answered
Your Score History
You have not taken this quiz